| 000 | 01217nam0a2200277 4500 | ||
|---|---|---|---|
| 001 | RU\NLR\b_ik\97760 | ||
| 005 | 20260407085408.0 | ||
| 010 |
_a5-7692-0500-8 _9200 |
||
| 035 | _a(NLR Aleph) 002171708 | ||
| 090 |
_a2663330 _c2663330 |
||
| 100 | _a20030507d2002 |||y0rusy50 ca | ||
| 101 | 0 | _aeng | |
| 102 | _aRU | ||
| 105 | _aab ||||||||| | ||
| 200 | 1 |
_aAdaptation and transfer of advanced technologies in Asia _eIntern. symp., Novosibirsk, Russia, Aug. 21-23, 2001 _eProceedings |
|
| 210 |
_aNovosibirsk _cPubl. house of the Siberian branch RAS _d2002 |
||
| 215 |
_a203, [3] с. _cил., карт. _d24 |
||
| 320 | _aБиблиогр. в конце докл. | ||
| 541 | 0 |
_aПриспособление и передача продвижения технологии в Азии _zrus |
|
| 606 | 0 |
_aВнедрение передовой техники и технологии _yАзиатские страны _92301823 _3RU\NLR\AUTH\661378050 |
|
| 686 | 4 | _aУ9(5)-55 | |
| 711 | 1 | 2 |
_8eng _a"Transfer and adaptation of advanced technologies in Asia", international symposium _f2001 _eNovosibirsk _7ba _3RU\NLR\AUTH\8810046629 _9592858 |
| 801 | 0 |
_aRU _bNLR _c20030507 _gPSBO |
|
| 942 | _cBOOK | ||
| 980 | _aNB | ||